Tū tū main̲ main̲ / (Record no. 586195)
[ view plain ]
| 000 -LEADER | |
|---|---|
| fixed length control field | 00998nam a22003377a 4500 |
| 001 - CONTROL NUMBER | |
| control field | 3030671 |
| 003 - CONTROL NUMBER IDENTIFIER | |
| control field | NUST |
| 005 - DATE AND TIME OF LATEST TRANSACTION | |
| control field | 20210823161218.0 |
| 008 - FIXED-LENGTH DATA ELEMENTS--GENERAL INFORMATION | |
| fixed length control field | 950302s1994 pk 000 0 pano |
| 010 ## - LIBRARY OF CONGRESS CONTROL NUMBER | |
| LC control number | 94930687 |
| 020 ## - INTERNATIONAL STANDARD BOOK NUMBER | |
| Terms of availability | Rs80.00 |
| 025 ## - OVERSEAS ACQUISITION NUMBER | |
| Overseas acquisition number | P-Pan-031306 |
| 038 ## - RECORD CONTENT LICENSOR | |
| Staff Name | Arshad |
| 040 ## - CATALOGING SOURCE | |
| Original cataloging agency | DLC |
| Transcribing agency | DLC |
| 042 ## - AUTHENTICATION CODE | |
| Authentication code | lcode |
| 050 00 - LIBRARY OF CONGRESS CALL NUMBER | |
| Classification number | MLCSA 94/01611 (P) |
| 082 ## - DEWEY DECIMAL CLASSIFICATION NUMBER | |
| Classification number | 891.427 |
| Author Mark | BUT |
| 100 1# - MAIN ENTRY--PERSONAL NAME | |
| Personal name | Baṭ, Muḥammad Yūnus. |
| 9 (RLIN) | 955 |
| 245 10 - TITLE STATEMENT | |
| Title | Tū tū main̲ main̲ / |
| Statement of responsibility, etc. | Muḥammad Yūnus Baṭ. |
| 260 ## - PUBLICATION, DISTRIBUTION, ETC. | |
| Place of publication, distribution, etc. | Lāhaur : |
| Name of publisher, distributor, etc. | Gorā Pablisharz, |
| Date of publication, distribution, etc. | 1994. |
| 300 ## - PHYSICAL DESCRIPTION | |
| Extent | 135 p. ; |
| Dimensions | 22 cm. |
| 500 ## - GENERAL NOTE | |
| General note | In Panjabi (Arabic script) |
| 520 ## - SUMMARY, ETC. | |
| Summary, etc. | Humorous articles. |
| 563 ## - BINDING INFORMATION | |
| Binding note | HBK |
| 880 ## - ALTERNATE GRAPHIC REPRESENTATION | |
| Linkage | 100-01(3\r |
| Title | محمد یونس بٹ |
| 880 ## - ALTERNATE GRAPHIC REPRESENTATION | |
| Linkage | 245-02(3\r |
| Title | تو تو میں میں |
| 880 ## - ALTERNATE GRAPHIC REPRESENTATION | |
| Linkage | 260-03(3\r |
| Title | لاہور: |
| b | سنگ میل پبلیکشنز، |
| c | 2008 |
| 906 ## - LOCAL DATA ELEMENT F, LDF (RLIN) | |
| a | 7 |
| b | cbc |
| c | origode |
| d | u |
| e | ncip |
| f | 19 |
| g | y-gencatlg |
| 942 ## - ADDED ENTRY ELEMENTS (KOHA) | |
| Source of classification or shelving scheme | |
| Koha item type | Book |
| Withdrawn status | Lost status | Source of classification or shelving scheme | Damaged status | Not for loan | Permanent Location | Current Location | Shelving location | Date acquired | Total Checkouts | Total Renewals | Full call number | Barcode | Date last seen | Date last checked out | Price effective from | Koha item type |
|---|---|---|---|---|---|---|---|---|---|---|---|---|---|---|---|---|
| Central Library (CL) | Central Library (CL) | Urdu Literature | 08/23/2021 | 1 | 1 | 891.427 BUT | CL170 | 07/27/2023 | 05/14/2023 | 08/23/2021 | Book |
